Quizzes
Events
Quiz Creation
Community
Videos
Private Events
Remove Ads
Sign In
Join for FREE
Feedback
Dark Mode
Quiz Categories
Sports
Geography
Music
Movies
Television
Just For Fun
Miscellaneous
History
Literature
Language
Science
Gaming
Entertainment
Religion
Holiday
For Kids
Quiz Lab
Recent
Popular Today
Quiz Kudos Today
Editor Picks
Curator Picks
Quizzes by...
Day
Popularity
Type
Ratings
Length
Year
Community
Subscriptions
Recent Discussions
Orange Saloon
Badges
Playlists
Quests
Create
Leaderboards
Showdown
Live 5
Trivia Bingo
Activity
Puzzle Library
Sporcle Events
Private Events
Virtual Trivia
Globe League
Become a Host
Pub Owners
SporcleCon
Opinionation
Our Games
Videos
Blog
Mobile Apps
Partnerships
Remove Ads and Go Orange
Feedback
Music
Pop Music
The Beatles
Song
Album
Lyrics
Bands
Singers
Artist
Clip
Rock
Rap
Classical
Billboard
Country Music
Kpop
Taylor Swift
Music
Pop Music
The Beatles
Song
Album
Lyrics
Bands
Singers
Artist
Clip
Rock
Rap
Classical
Billboard
Country Music
Kpop
Taylor Swift
Random Quiz
Search Sporcle
×
Quiz Lab
Quiz Lab
Music
Song
Type in answers that appear in a list
Type in answers that appear in a list
Classic
Best Score? Go Orange.
Radiohead Songs Stats
Can you name the Radiohead Songs?
By
tommyboyunm
12m
81 Questions
178 Plays
178 Plays
178 Plays
Comments
Comments
Give Quiz Kudos
Give Quiz Kudos
-
- Ratings
hide this ad
More Info
Replay
Link that replays current quiz
Next Quiz
Link to next quiz in quiz playlist
You Got
0%
They Got
Avg Score
64%
Avg Friend Score
Upgrade to see
Score Distribution
Jump to the score distribution portion of the page
Score
0/81
Timer
12:00
0
Plays Today
% Correct
Creep
93.8%
Paranoid Android
90.4%
Karma Police
89.9%
The Bends
88.2%
Kid A
85.4%
Fake Plastic Trees
84.3%
Just
84.3%
Airbag
82.6%
2+2=5 (The Lukewarm)
82.6%
Everything In Its Right Place
82%
Lucky
81.5%
My Iron Lung
80.9%
Fitter Happier
80.9%
No Surprises
80.9%
High and Dry
79.2%
Street Spirit (Fade Out)
78.7%
The National Anthem
77.5%
You
76.4%
Climbing Up The Walls
76.4%
Planet Telex
75.8%
Idioteque
75.8%
Morning Bell
75.8%
Morning Bell/Amnesiac
75.8%
15 Step
75.3%
Exit Music (For a Film)
74.7%
Let Down
74.7%
The Tourist
74.2%
% Correct
Nude
74.2%
Subterranean Homesick Alien
73%
House of Cards
73%
Anyone Can Play Guitar
72.5%
Electioneering
71.9%
Bodysnatchers
71.9%
Pyramid Song
71.3%
Reckoner
71.3%
Videotape
71.3%
Jigsaw Falling Into Place
70.8%
Knives Out
70.2%
Optimistic
69.1%
Treefingers
68%
Weird Fishes/Arpeggi
68%
How to Disappear Completely
67.4%
There There (The Boney King of Nowhere)
66.9%
Black Star
65.7%
(Nice Dream)
65.2%
Faust Arp
64.6%
Motion Picture Soundtrack
62.9%
A Wolf at the Door (It Girl. Rag Doll)
62.9%
Bullet Proof...I Wish I Was
61.8%
All I Need
61.8%
I Might Be Wrong
60.7%
Myxomatosis (Judge, Jury & Executioner)
59%
Bones
57.9%
Sulk
57.9%
% Correct
You and Whose Army?
56.7%
In Limbo
55.1%
Like Spinning Plates
54.5%
Sit Down. Stand Up. (Snakes and Ladders)
53.9%
Life in a Glasshouse
53.4%
Sail to the Moon (Brush the Cobwebs Out of the Sky)
53.4%
Packt Like Sardines in a Crushd Tin Box
52.8%
Hunting Bears
52.8%
A Punchup at a Wedding (No no no no no no no no)
52.8%
The Gloaming (Softly Open Our Mouths in the Cold)
52.2%
Vegetable
50%
I Will (No Man's Land)
49.4%
Go to Sleep (Little Man Being Erased)
48.3%
Backdrifts (Honeymoon Is Over)
47.8%
Where I End and You Begin (The Sky Is Falling In)
45.5%
Lurgee
44.9%
Dollars and Cents
44.9%
Pulk|Pull Revolving Doors
44.4%
We Suck Young Blood (Your Time Is Up)
43.8%
Thinking About You
42.1%
How Do You?
41.6%
Ripcord
41%
Blow Out
40.4%
Scatterbrain (As Dead as Leaves)
39.9%
Stop Whispering
38.8%
Prove Yourself
33.7%
I Can't
30.9%
Quiz Playlist
Details
Report
Send in Message
Add To Playlist
More Info:
These are only songs from officially-released albums.
Classic:
Type in answers that appear in a list
Last Updated: Feb 16, 2017
Quiz Scoreboard
CHALLENGE
Sign Up to Join the Scoreboard
Show All
Scores
Hide
Comments
May contain spoilers
Recently Published
TV Characters by Other Roles V
by ghcgh
Television
5m
Decade Duel: World Leaders
by jenniferyan
History
4m
Alphabetical 'K' Countries by Flag Minefield
by ylime102
Geography
3m
More to Explore
Quiz From the Vault
Featured Blog Post
15 Basketball Trivia Facts You Can Be March Mad About
hide this ad
You Might Also Like...
Tags
Song Quiz
Radiohead
Today's Top Quizzes in Music
Browse Music
hide this ad
Today's Top Quizzes in Song
Browse Song
Top Contributed Quizzes in Music
1
Taylor Swift All Songs (2024)
2
Decade Duel: Singer
3
Taylor Swift Logic Puzzle
4
KPOP LOGIC QUIZ
5
Guess the Taylor Swift song (Mystery Song)
6
Guess The Taylor Swift Lyrics Song #1
7
A Taylor Swift Logic Puzzle
8
kpop group name match up
9
2 word kpop group match
10
Madness Songs By Image
Explore More
Trending Topics
Harry Potter
Marvel
Kpop
NBA
Disney
Crossword
Anime
Puzzle
Song
The Office
NFL
Pokémon
WWE
Soccer
Country
hide this ad
More By:
tommyboyunm
Quiz
Plays
Rating
Category
Featured
Created
Radiohead Songs
178
2.80
Music
Sep 20, 2010
UNM Year-by-Year Scoring Leaders
92
Sports
Oct 5, 2010
UNM Basketball Players Since 1999
51
Sports
Oct 5, 2010
Go to Creator's Profile
Score Distribution
Quiz Creator Spotlight
tommyboyunm
Follow
Send a Message
Quizzes Created
-
Created Quiz Play Count
-
More By This Creator
Popular Quizzes Today
1
Countries of Asia Without Outlines Minefield
2
Find the US States - No Outlines Minefield
3
Pick 6: Fruits
4
The Countries of the World
5
Find the Countries of Europe - No Outlines Minefield
6
Alphabetical 'K' Countries by Flag Minefield
7
US States
8
Find the US States
More Music Quizzes
Spooky Beatles
Published
Trending Quizzes
Pick 6: Mountains
Pick 6: Harry Potter
Pick 6: Flags
Pick 6: NFL Teams
C Names for Actors
Recently Updated
Adaptations: Name the Title
pecheneg
NWSL Teams
pecheneg
Women's Final Four Teams by Year
bhenderson79
Presidents Quartet II
eogle
Anything But Clue(do)
eogle
Anything But Oceanian Capitals
eogle
Anything But 7
eogle
Anything But Thing
eogle
Word Ladder: February 29
pecheneg
Song Title Questions
pecheneg
Trending Topics
Disney
Crossword
Harry Potter
Kpop
Marvel
Anime
NBA
Country
The Office
Pokémon
Soccer
WWE
NFL
Song
Puzzle
Your Account Isn't Verified!
In order to create a playlist on Sporcle, you need to verify the email address you used during registration. Go to your
Sporcle Settings
to finish the process.
Report this User
Report this user for behavior that violates our
Community Guidelines
.
Details:
Send Report
Go to the Sporcle.com Mobile Site →
Comments